000 01099nam a22003257a 4500
003 DO-SdBPM
005 20251029141734.0
007 ta
008 2020b 2020 dr | |||| 00| 0 spa d
020 _a9789945198409
040 _aDO-SdBPM
_bspa
_cBPMSU
_erda
082 4 _aRD863.5
_bS194m 2020
_222
100 1 0 _aSánchez Beras, César
_eautor
245 1 0 _aMami, ¿por qué no hay clases en abril? /
_cCésar Sánchez Beras ; ilustraciones de Guillermo Pérez
264 _aSanto Domingo :
_bLoqueleo, Santillana
_c2020
300 _a43 páginas :
_bilustración ;
_c21 cm
336 _atexto
_btxt
_2rdacontente
337 _asin mediación
_bn
_2rdamedia
338 _avolumen
_bnc
_2rdacarrier
490 0 _aCuento +8
590 _aInventariado, 2025/VM
650 7 _aCuentos infantiles dominicanos
650 7 _aLiteratura infantil dominicana
650 z _aDominican children’s stories
650 z _aChildren's stories, dominican
700 1 _aPérez, Guillermo
_eilustraciones
830 0 _aCuento
_p+8
910 _a VMateo V. Control de calidad BPMSU
942 _2ddc
_cBK
999 _c14228
_d14228